000 00765nam a2200229 a 4500
005 20240911063658.0
008 060922s2001 mx r 000 0 spa d
020 _a9870001785
035 _aUPN01000147305
049 _aCG
050 4 _aHV875
_bL8.2
100 1 _aLuna, Matilde,
_d1960-
245 1 0 _aAcogimiento familiar :
_brespuesta social y de estado en el cuidado de la infancia /
_cMatilde Luna ; colab. Jorge Giglio.
260 _aBuenos Aires :
_bLumen :
_bHumanitas,
_c2001.
300 _a159 p. :
_bcuadros
440 0 _aMinoridad y familia
650 0 _aAdopción
_zArgentina
_9199
650 4 _aHOGARES ADOPTIVOS -
_zARGENTINA
_96340
650 4 _aTRABAJO SOCIAL CON NIÑOS -
_zARGENTINA
_96342
700 1 _aGiglio, Jorge,
_ecolab.
905 _aLibro
999 _c119450
_d119450